000 01141cam a22003134a 4500
999 _c531850
_d531850
001 12832912
003 NUST
005 20191029154823.0
008 020626m20039999waua b 001 0 eng
010 _a 2002108973
020 _a0971991502 (v. 1)
020 _a0971991529 (v. 2)
035 _a(DLC) 2002108973
038 _aMSOHAIL
040 _aDLC
_cDLC
_dDLC
042 _apcc
050 0 0 _aTF563
_b.W48 2003
082 0 0 _a385.2042
_222
100 1 _aWhite, Thomas
_q(Thomas A.)
_924783
245 1 0 _aElements of train dispatching / Vol- 1 & 2
_cby Thomas White.
260 _aMountlake Terrace, WA :
_bVTD Rail Pub.,
_c<c2003->
300 _av. <1-2> :
_bill. ;
_c23 cm.
504 _aIncludes bibliographical references and index.
505 0 _av. 1. History and overview of train dispatching and railroad operation -- v. 2. Handling trains --
650 0 _aRailroad trains
_xDispatching.
_924963
906 _a7
_bcbc
_corignew
_d2
_eepcn
_f20
_gy-gencatlg
942 _2ddc
_cBK